000 00559nam a2200217Ia 4500
003 OSt
005 20220928135550.0
006 a|||||r|||| 00| 0
007 ta
008 220927b |||||||| |||| 00| 0 eng d
024 _a3216
037 _cTextual
040 _aSDCL
_cSDCL
_beng
041 _2eng
_aeng
082 _aO-,1L9:g, L3
100 _aRedpath Theodore
_9491608
245 0 _aYoung romantics and critical opinion 1807-1824
260 _c1973
942 _hO-,1L9:g, L3
_cTEXL
_2CC
999 _c807010
_d807010